000 02006nam a2200337 i 4500
001 194917
003 SpMaBN
005 20250708193526.0
008 240522s2023 sp | |||| 000 0 spa
015 _aMON23
017 _aML 9-2023
_bOficina Depósito Legal Melilla
020 _a9788494791345
040 _aSpMaBN
_bspa
_cSpMaBN
_erda
100 _aMarchante Moralejo, Carmen
_9236546
_eaut
245 1 _aLa correspondencia de Annual :
_bescritos de los familiares de soldados y oficiales en las posiciones de la Comandancia General de Melilla al Ministerio de la Guerra. Estudio preliminar y edición comentada de los textos /
_cCarmen Marchante Moralejo ; prefacio de Santiago Domínguez Llosá
264 1 _bUniversidad Nacional de Educación a Distancia. Centro Asociado de Melilla,
_c2023
300 _a752 páginas ;
_c24 cm
336 _aTexto
_2rdacontent
337 _asin mediación
_2rdamedia
338 _avolumen
_2rdacarrier
520 _aEstos escritos muestran muy claramente el inicio de un proceso de duelo individual y colectivo que queda en suspenso, truncado, y que tiene unas consecuencias inimaginables para la historia posterior. A través de ellos se percibe la auténtica dimensión del desastre de Annual que literalmente dejó sin habla y sin la posibilidad de elabrorar un discurso coherente.
650 7 _2embne
_9176053
_aDesastre de Annual, 1921
700 _aDomínguez Llosá, Santiago
_eaui
_9238719
852 _aES-MaACL
_cDEPOJ
_jN-9907
_gDedicatoria autógrafa de la autora
_hDonación: Carmen Marchante Moralejo
_xEncuadernación rústica con solapas
_9205819
903 _9236546
_aMarchante Moralejo, Carmen
_ednr
942 _cMONOGRAFIA
_n0
999 _c194917
_d194917